[Event "Central-SRB chT 2018"]
[Site "Kragujevac"]
[Date "2018.09.21"]
[Round "10"]
[White "Damljanovic, Branko"]
[Black "Irizanin, Radoje"]
[Result "1-0"]
[WhiteElo "2470"]
[BlackElo "2296"]
[Annotator "TA"]
[PlyCount "125"]
[EventDate "2018.09.14"]
[EventType "team-tourn"]
[EventCountry "SRB"]
[SourceTitle "playchess.com"]
[Source "ChessBase"]
[SourceQuality "1"]

{[%evp 30,125,42,49,50,45,110,65,119,11,10,15,23,17,33,35,22,26,39,42,33,-15,0,6,6,14,6,2,91,93,93,110,152,47,83,83,83,83,134,128,128,106,153,139,144,122,119,106,106,106,184,90,90,90,83,87,90,90,90,62,142,129,140,90,90,90,126,93,103,99,305,305,305,304,286,181,176,50,48,54,69,77,152,167,126,43,190,190,283,283,289,281,4232,2439,6111,6357,5616,5616]} 1. Nf3 c5 2. e4 d6 3. d4 cxd4 4. Nxd4 Nf6 5. Nc3 a6 6. Be2 e6 7. O-O Be7 8. f4 Qc7 9. Kh1 Nc6 10. Be3 O-O 11. Qe1 Nxd4 12. Bxd4 b5 13. a3 Bb7 14. Qg3 g6 15. f5 e5 16. Be3 {LiveBook: 23 Games. B85: Sicilian Scheveningen: 6 Be2 a6, lines with early Be3} Rfc8 ({Don't take} 16... Nxe4 17. Nxe4 Bxe4 18. f6 $15) (16... Rfe8 17. Bd3 Kh8 18. Qh4 Nh5 19. Qh3 Bf6 20. Rf2 Nf4 21. Qg4 g5 22. g3 Rg8 23. Qf3 g4 24. Qd1 Nh3 25. Rg2 Rad8 26. Nd5 Bxd5 27. exd5 Ra8 {½-½ (27) Hernandez Guerrero,G (2536)-Figueredo Losada,L (2362) Aguascalientes 2018}) 17. Bd3 Qd8 (17... Qd7 $1 $14) 18. Qh3 $146 {White is better.} ({Predecessor:} 18. Rae1 Rxc3 19. bxc3 Nxe4 20. Bxe4 Bxe4 21. Bb6 Qxb6 22. Rxe4 d5 23. Rxe5 Bxa3 24. fxg6 hxg6 {1-0 (33) Kalinichev,A (2414)-Menshov,V (2352) Tula 2014}) 18... Nh5 (18... Qd7 $14) 19. g4 (19. Rf2 $16) 19... Nf4 $1 $11 {[%cal Rf4h3]} 20. Bxf4 exf4 21. fxg6 hxg6 22. Rxf4 {Threatens to win with Raf1.} Rc7 23. Raf1 $40 {[%mdl 128] White is up to no good.} Bf8 24. Qf3 {[%cal Rf4f7]} Qe7 25. a4 bxa4 {Hoping for ...Bh6.} 26. Qe2 ({But not} 26. Nxa4 Bh6 $17) 26... Qe6 $1 27. Rf6 Qc8 $1 28. Nxa4 {aiming for Nb6.} Bg7 (28... Rb8 $11 {remains equal.}) 29. Nb6 $16 Qd8 30. Nxa8 Bxa8 31. Qf3 (31. R6f4 $16) 31... Qxf6 32. Qxf6 Bxf6 33. Rxf6 $14 {[%mdl 4096] Endgame KRB-KRB} Rc6 (33... Re7 $142) 34. Kg1 $16 a5 35. b3 Kg7 36. g5 Rc5 37. h4 Re5 38. Rf4 $1 Bc6 39. Kf2 a4 (39... Kf8 $16 40. Ke3 a4) 40. bxa4 (40. Ke3 $1 $18) 40... Bxa4 41. Ke3 Rc5 42. Rf2 Bd7 43. Kd4 Be6 44. Rf1 Rc7 ({Better is} 44... Ra5 $14) 45. Ra1 Kf8 46. c4 Ke7 47. e5 dxe5+ 48. Kxe5 Rd7 49. Ra3 Rd8 $2 (49... Rc7 $16 50. Ra4 Bf5) 50. Ra7+ $18 Kf8 51. Kf6 $1 Rc8 52. Ra4 Bd7 53. Rb4 (53. Ra6 $1 $18) 53... Re8 $1 $14 {[%csl Gd7,Gf7][%cal Re8e6]} 54. Rb6 {c5 is the strong threat.} Re3 $1 {[%cal Re3d3]} 55. Rd6 {Black must now prevent Bxg6.} Rf3+ (55... Ba4 $142 56. c5 Be8) 56. Ke5 $16 Ke7 {[#]} 57. Rd4 (57. Be4 $1 $16 {[%cal Re4f3]} Re3 58. Rd3) 57... Bc6 (57... Be6 $1 $14) 58. Be4 $18 Bxe4 (58... f6+ $142 59. gxf6+ Rxf6) 59. Kxe4 ({Weaker is} 59. Rxe4 Rf5+ 60. Kd4+ Kd6 $16) 59... Rf5 {[#]} 60. Ke3 $1 f6 $2 (60... Rf1 61. Re4+ Kd6) 61. Rf4 {White is clearly winning.} Rc5 62. gxf6+ Kf7 63. Kd4 {Precision: White = 50%, Black = 43%.} 1-0

[Event "Central-SRB chT 2018"]
[Site "Kragujevac"]
[Date "2018.09.21"]
[Round "10"]
[White "Marinkovic, Ivan"]
[Black "Nestorovic, Nikola"]
[Result "1/2-1/2"]
[WhiteElo "2459"]
[BlackElo "2453"]
[Annotator "TA"]
[PlyCount "43"]
[EventDate "2018.09.14"]
[EventType "team-tourn"]
[EventCountry "SRB"]
[SourceTitle "playchess.com"]
[Source "ChessBase"]
[SourceQuality "1"]

{[%evp 15,16,10,8]} 1. Nf3 Nf6 2. g3 b6 3. Bg2 Bb7 4. O-O g6 5. b3 Bg7 6. Bb2 O-O 7. c4 c5 8. Nc3 Nc6 {LiveBook: 98 Games} {Predecessor:} 9. d4 $146 Nxd4 10. Nxd4 Bxg2 11. Kxg2 cxd4 12. Qxd4 d6 13. e4 a6 14. Nd5 Rb8 15. a4 Qd7 16. Rfd1 Qb7 17. Rd2 Rfc8 18. Kg1 Rc5 19. Re1 Rbc8 20. Qe3 Nxd5 21. exd5 Bxb2 22. Rxb2 {1-0 (36) Artemiev,V (2692)-Andreikin,D (2708) Sochi 2017} 1/2-1/2

[Event "Central-SRB chT 2018"]
[Site "Kragujevac"]
[Date "2018.09.21"]
[Round "10"]
[White "Pezelj, Novak"]
[Black "Nestorovic, Dejan"]
[Result "1/2-1/2"]
[WhiteElo "2457"]
[BlackElo "2340"]
[Annotator "TA"]
[PlyCount "81"]
[EventDate "2018.09.14"]
[EventType "team-tourn"]
[EventCountry "SRB"]
[SourceTitle "playchess.com"]
[Source "ChessBase"]
[SourceQuality "1"]

{[%evp 20,81,11,14,16,13,64,57,76,63,43,14,79,41,64,20,27,50,62,28,20,30,39,25,60,-51,21,17,8,0,0,0,0,-121,-169,-196,-186,-185,-197,-434,-92,-92,-88,-99,-100,-85,0,0,0,0,0,0,0,0,0,0,0,0,0,0,0,0,0,0]} 1. e4 c5 2. Nf3 e6 3. c3 Nf6 4. e5 Nd5 5. d4 cxd4 6. cxd4 d6 7. Bc4 Nc6 8. O-O Be7 9. Bd2 {B22: Sizilianisch (Alapin 2.c3)} (9. Qe2 O-O 10. a3 Bd7 11. exd6 Bxd6 12. Nc3 Nce7 13. Ne4 Bc6 14. Ne5 Rc8 15. Rd1 Bb8 16. Ng5 Be8 17. Bd3 Nf6 18. Ngf3 Ned5 19. Bd2 a6 20. Rac1 Rxc1 21. Rxc1 Qb6 22. Nc4 Qd8 23. Nce5 Qb6 24. Nc4 Qd8 {½-½ (24) Vachier Lagrave,M (2789)-Caruana,F (2816) Leuven 2018}) 9... O-O 10. Nc3 Nb6 11. Bb3 {LiveBook: 41 Partien} d5 12. Qe2 Na5 $146 (12... Bd7 $11) ({Vorgänger:} 12... Bd7 13. Bf4 a6 14. Rac1 Rc8 15. Rfd1 Re8 16. h3 Na7 {½-½ (63) Balutescu,M (2329)-Kubicki,T (2418) ICCF email 2012}) 13. Bc2 $14 Nbc4 14. Qd3 {[%csl Gc2][%cal Rd3h7]} g6 15. Bh6 Re8 (15... Nxb2 $11 {bleibt in der Remisbreite.} 16. Qb5 Nbc4) 16. Rab1 Bd7 17. g3 Rc8 18. h4 Bf8 19. Bxf8 Rxf8 20. h5 Qe7 21. Kg2 Be8 22. Nh4 (22. hxg6 $14 fxg6 23. Rh1) 22... Qc7 (22... Nc6 $1 $15) 23. Rfc1 $11 ({Natürlich nicht} 23. hxg6 fxg6 24. Qe2 Nxb2 $1 $17 {[%mdl 512]}) 23... Nxb2 24. Qf3 {Droht stark Df6.} Qxc3 25. Qf6 $1 {Weiss droht h6 und Matt.} Qd2 26. Nf3 (26. Bf5 $1 $11 {war der einzige Weg, das Gleichgewicht zu behalten.} Rxc1 27. hxg6 hxg6 28. Nxg6 $1 {[%mdl 512]} fxg6 29. Bxe6+ Bf7 30. Qxg6+ Kh8 31. Bxf7 Rxf7 32. Qxf7) 26... Qh6 $17 27. hxg6 fxg6 28. Qxe6+ Bf7 29. Qg4 $2 {[#]} (29. Qd7 Rfd8 30. Qg4) 29... Nbc4 $2 (29... Nd3 $1 $19 {[%mdl 512]} 30. e6 (30. Bxd3 Rxc1) 30... Nxc1 31. exf7+ Kg7) 30. e6 Rc7 {Weiss muss nun ...Le8 beachten.} 31. exf7+ Rcxf7 32. Qe6 Kh8 (32... Qh5 $17 33. Bd1 Qf5 34. Qxf5 Rxf5) 33. Rh1 $11 {Die Stellung ist ausgeglichen.} Qg7 {[#]} 34. Rxh7+ $1 {[%mdl 512]} Qxh7 35. Rh1 {[#]} Qxh1+ $1 36. Kxh1 Rxf3 37. Qxg6 {[%csl Gc2][%cal Rg6h7]} R8f7 {zielt auf ...Sc6 ab.} 38. Qh6+ Kg8 {Droht ...Sc6 und aus.} 39. Qg5+ Kf8 {Und ...Sc6 würde nun gewinnen.} 40. Qd8+ Kg7 {Und weiter mit ...Sc6 wäre nett.} 41. Qg5+ {Precision: Weiß = 52%, Schwarz = 33%.} 1/2-1/2

[Event "Central-SRB chT 2018"]
[Site "Kragujevac"]
[Date "2018.09.21"]
[Round "10"]
[White "Csonka, Balazs"]
[Black "Draskovic, Luka"]
[Result "1/2-1/2"]
[WhiteElo "2450"]
[BlackElo "2449"]
[Annotator "TA"]
[PlyCount "41"]
[EventDate "2018.09.14"]
[EventType "team-tourn"]
[EventCountry "SRB"]
[SourceTitle "playchess.com"]
[Source "ChessBase"]
[SourceQuality "1"]

{[%evp 24,31,8,7,32,23,20,21,30,0]} 1. e4 c5 2. Nf3 d6 3. Bb5+ Bd7 4. Bxd7+ Qxd7 5. c4 Nf6 6. Nc3 e6 7. O-O Nc6 8. d4 cxd4 9. Nxd4 Be7 10. b3 O-O 11. Bb2 Rfd8 12. Rc1 {B52: Sicilian: Moscow Variation with 3...Bd7} (12. Re1 Qc7 13. Rc1 Qa5 14. Rc2 a6 15. Nxc6 bxc6 16. Rd2 Qg5 17. Rd3 Ne8 18. Na4 Bf6 19. Bc1 Qa5 20. Bd2 {½-½ (62) Van Kampen,R (2606)-Antipov,M (2488) Riga 2013}) 12... Rac8 13. Re1 {LiveBook: 11 Games} Bf8 14. h3 Nxd4 15. Qxd4 a6 16. Rcd1 {Predecessor:} Qc7 $146 17. Qe3 Qc6 18. Rc1 Qe8 19. Qg3 g6 20. Nd5 Nxd5 21. exd5 {0-1 (108) Fedorovsky,M (2336)-Pohl Kuemmel,J (2280) Regensburg 2011} 1/2-1/2

[Event "Central-SRB chT 2018"]
[Site "Kragujevac"]
[Date "2018.09.21"]
[Round "10"]
[White "Ostojic, Nikola"]
[Black "Mirkovic, Stevan"]
[Result "1-0"]
[WhiteElo "2441"]
[BlackElo "2307"]
[Annotator "TA"]
[PlyCount "61"]
[EventDate "2018.09.14"]
[EventType "team-tourn"]
[EventCountry "SRB"]
[SourceTitle "playchess.com"]
[Source "ChessBase"]
[SourceQuality "1"]

{[%evp 16,61,30,30,38,25,45,30,37,33,33,37,27,13,20,2,15,33,26,-2,13,-16,33,32,64,47,60,54,52,63,133,17,121,128,131,139,189,189,175,204,194,187,226,181,602,595,754,754]} 1. Nf3 Nf6 2. g3 e6 3. Bg2 d5 4. O-O Be7 5. c4 dxc4 6. Qa4+ Nbd7 7. Qxc4 c5 {A13: Reti-Eröffnung} (7... a6 8. Qc2 O-O 9. d4 Ra7 10. Rd1 b6 11. Ne5 Nb8 12. Nc3 Bb7 13. e4 Nbd7 14. Bf4 Nxe5 15. Bxe5 Nd7 16. Bf4 Bd6 17. Be3 {1-0 (48) Yu,Y (2760)-Hevia Alejano,C (2488) chess.com INT 2018}) 8. Qc2 O-O 9. d4 {LiveBook: 4 Partien} Qb6 {Weiß hat minimalen Vorteil.} 10. Rd1 cxd4 11. Nxd4 Bc5 12. e3 Ne5 13. Nb3 $146 ({Vorgänger:} 13. Nc3 Bd7 14. Ne4 Be7 15. Bd2 Rac8 16. Nxf6+ Bxf6 17. Bc3 {1-0 (33) Utiatskaja,I (2164)-Vyrtosu,N (1928) Moscow 2018}) 13... Be7 14. e4 Rd8 15. Be3 Rxd1+ 16. Qxd1 Qd8 17. Na3 Bd7 18. Qe2 Qf8 19. f4 Neg4 20. Bd4 $36 {[%mdl 2048] Weiss drückt.} Ba4 $1 21. e5 {[#] Droht Sc2 und aus.} Bxb3 $1 22. axb3 {[%cal Ba2b3,Bb3b4][%mdl 32] Und weiter mit Sc2 wäre nett.} Bc5 23. Nc2 (23. Qc4 $16 Bxd4+ 24. Qxd4) 23... Bxd4+ (23... Rd8 $1 $11 {bleibt in der Remisbreite.} 24. Ra4 (24. exf6 Rxd4 25. Nxd4 Bxd4+ 26. Kh1 Nf2+ 27. Kg1 Ng4+ 28. Kh1 Nf2+ 29. Kg1 Ng4+ $11) 24... Bxd4+ 25. Nxd4 Qc5) 24. Nxd4 $16 Qc5 25. Qc4 Nd7 {[%cal Bf6d7,Bd7c5,Bc5d3][%mdl 32]} 26. Qxc5 Nxc5 27. b4 Nd3 28. Bxb7 Rb8 29. Bf3 Nh6 $2 {[#]} (29... Rxb4 30. Nc6 (30. Bxg4 Rxd4 31. Rxa7 Kf8 $16) (30. Rxa7 h5 $18) 30... Rb6 31. Rxa7 (31. Bxg4 Rxc6 32. Rxa7 g6 $14) 31... f5) 30. Nc6 $18 Rb6 31. Rd1 {Precision: Weiß = 39%, Schwarz = 50%.} 1-0

[Event "Central-SRB chT 2018"]
[Site "Kragujevac"]
[Date "2018.09.21"]
[Round "10"]
[White "Perunovic, Miodrag"]
[Black "Radovanovic, Jovica"]
[Result "1/2-1/2"]
[WhiteElo "2433"]
[BlackElo "2322"]
[Annotator "TA"]
[PlyCount "85"]
[EventDate "2018.09.14"]
[EventType "team-tourn"]
[EventCountry "SRB"]
[SourceTitle "playchess.com"]
[Source "ChessBase"]
[SourceQuality "1"]

{[%evp 9,85,31,36,6,90,56,65,41,39,22,20,7,58,42,139,113,231,45,41,39,27,16,18,0,0,0,0,0,0,0,0,-15,0,0,0,0,0,0,0,0,0,-18,-18,-18,0,-18,-18,-18,-18,-18,-18,-18,-1,-18,0,0,0,0,0,0,0,-95,-82,-99,0,0,0,0,0,0,0,0,0,0,0,0,143,141]} 1. d4 d5 2. c4 c6 3. Nf3 Nf6 4. e3 Bf5 5. Nc3 a6 6. Bd2 {D15: Slav Defence: 4 Nc3 a6 and gambit lines after 4 Nc3 dxc4} (6. Bd3 Bxd3 7. Qxd3 e6 8. O-O Bb4 9. Bd2 O-O 10. Nxd5 Nxd5 11. cxd5 Bxd2 12. Qxd2 exd5 13. Ne5 Re8 {½-½ (46) Vallejo Pons,F (2707)-So,W (2780) Leon 2018}) 6... b5 (6... e6 $11 {keeps the balance.}) 7. cxd5 $16 cxd5 8. a4 {White is slightly better.} b4 9. Na2 a5 10. Ne5 $146 ({Predecessor:} 10. Nc1 e6 11. Bb5+ Nbd7 12. Nb3 Bd6 13. Ne5 O-O {1-0 (43) Hopman,P (2346)-Pijpers,A (2386) Wijk aan Zee 2014}) 10... h5 (10... Bd7 $11) 11. Bb5+ Nbd7 ({Black should play} 11... Bd7 $14) 12. Nc1 Rc8 {[#]} (12... g6 $16 {is a better defense.}) 13. Ncd3 $2 (13. Nb3 $1 $18) 13... Bxd3 $1 $14 14. Nxd3 e6 15. Ne5 {Threatens to win with Qf3.} Bd6 16. f4 Bxe5 17. fxe5 Ne4 {[#] aiming for ...Qh4+.} 18. O-O g6 19. Be1 O-O 20. Bd3 Qg5 21. Rf4 f5 22. exf6 Ndxf6 23. h3 Qh6 24. Rc1 Qg7 25. Ba6 Rc7 26. Rc2 Ra8 27. Rxc7 Qxc7 28. Bd3 Kg7 29. Rf1 Rf8 30. Rf3 Rf7 31. Qe2 Ng5 32. Rf1 Nfe4 {Strongly threatening ...Rxf1+.} 33. Rxf7+ Nxf7 34. Bxe4 dxe4 35. Qa6 (35. b3 $11) 35... Qc1 $17 36. Kf1 Qxe3 ({Better is} 36... Qxb2 $17 {And now ...b3 would win.} 37. d5 Qf6+ 38. Ke2 Qg5 39. Qxa5 Qxg2+ 40. Kd1 Qxh3 41. Qxb4 Qg4+ 42. Kd2 Qg2+ 43. Kd1 Qf3+ 44. Kd2 Qg2+ 45. Kd1 Qf3+ 46. Kd2 exd5 47. Qd4+ Kh6 48. Qxd5 Qg2+ 49. Kd1 Ng5) 37. Qxa5 $11 Qd3+ (37... Qxd4 $6 38. Qxb4 Qd3+ 39. Kg1 $16) 38. Kg1 Qe3+ 39. Kf1 Qd3+ ({Of course not} 39... Qxd4 $6 40. Qxb4 Qd3+ 41. Kg1 $16) 40. Kg1 Qe3+ 41. Kf1 Qd3+ ({But not} 41... Qxd4 $6 42. Qxb4 Qd3+ 43. Kg1 $16) 42. Kg1 Qxd4+ (42... Qe3+ $11 {remains equal.} 43. Kf1) 43. Kh2 {Precision: White = 59%, Black = 44%.} 1/2-1/2

[Event "Central-SRB chT 2018"]
[Site "Kragujevac"]
[Date "2018.09.21"]
[Round "10"]
[White "Djordjevic, Vuk"]
[Black "Stankovic, Milos"]
[Result "0-1"]
[WhiteElo "2404"]
[BlackElo "2443"]
[Annotator "TA"]
[PlyCount "82"]
[EventDate "2018.09.14"]
[EventType "team-tourn"]
[EventCountry "SRB"]
[SourceTitle "playchess.com"]
[Source "ChessBase"]
[SourceQuality "1"]

{[%evp 14,82,9,0,24,29,29,19,30,22,106,19,29,21,20,10,21,6,40,1,42,0,59,0,0,0,0,0,0,-28,-24,-97,-88,-115,-107,-144,-129,-223,-42,-36,-33,-46,-54,-51,-27,-136,-121,-110,-119,-142,-101,-137,-137,-148,-129,-255,-253,-369,-376,-493,-434,-377,-392,-375,-246,-468,-446,-674,-684,-895,-893]} 1. d4 e6 2. Nf3 Nf6 3. Bg5 c5 4. e3 {[%cal Be2e3,Be3d4,Bd4d5,Bd5d6][%mdl 32]} Qb6 5. Nbd2 d5 6. Bxf6 gxf6 7. c4 cxd4 8. exd4 {LiveBook: 12 Games} dxc4 {D03: 1 d4 d5 2 Nf3 Nf6 3 Bg5, including Torre Attack with early ...d5} (8... Nc6 9. cxd5 exd5 10. Bd3 Qxb2 11. O-O Qa3 12. Re1+ Kd8 13. Bb5 Bd7 14. Nb3 Kc7 15. Re3 Re8 16. Rd3 {1-0 (47) Bruzon Batista,L (2610)-Campora,D (2503) Decameron 2003 CBM 099 [Finkel,A]}) 9. Bxc4 Bg7 10. O-O O-O {The position is equal.} 11. d5 $146 ({Predecessor:} 11. Re1 Rd8 12. d5 Na6 13. dxe6 fxe6 14. Qe2 Nc7 15. Nf1 Bd7 16. Ng3 {1-0 (25) Piket,J (2450)-Karolyi,T (2435) Brussels 1987}) 11... e5 (11... Na6 $11) 12. Bd3 ({White should try} 12. Bb3 $16) 12... f5 $1 $11 13. Nc4 $1 {[%csl LRb6,LRe5]} Qc7 $1 {Threatening ...e4.} 14. d6 $1 {[%cal Rd6c7]} Qc5 {[#] Threatens to win with ...e4.} 15. b4 Qxb4 {aiming for ...e4.} 16. Ncxe5 {Bc4 is the strong threat.} Be6 17. Re1 Qxd6 (17... Nd7 $11) 18. Bc4 ({Better is} 18. Ng5 $1 $14) 18... Qxd1 19. Raxd1 Na6 20. Bxe6 fxe6 21. Nd7 (21. Ng5 $5 {[%cal Rg5e6]}) 21... Rfe8 22. Nde5 (22. Ng5 $11 {remains equal.}) 22... Rad8 23. g3 Nc5 24. Nc4 Ne4 25. Na5 {[#]} (25. Nce5 $17) 25... b6 $2 (25... Bc3 $1 $19 26. Rxd8 Rxd8 27. Nxb7 Rd7) 26. Nc6 $15 Rc8 27. Nxa7 Rc2 28. Nb5 Nxf2 29. Rd2 (29. Rd7 $11) 29... Rxd2 $17 30. Nxd2 Nd3 31. Re3 Nc5 32. Nf3 Rd8 33. Ra3 Bf6 34. h3 (34. Kf1 $17 {was necessary.}) 34... e5 $19 {[%cal Be6e5,Be5e4][%mdl 32]} 35. Kf2 (35. Kg2 $142) 35... e4 36. Nh4 f4 37. Nf5 f3 38. Nbd6 {intending Ra7.} Be5 39. Nc4 $2 (39. Nxe4 {was the only chance.} Nxe4+ 40. Kxf3) 39... Bd4+ {Black is clearly winning.} 40. Kf1 (40. Nxd4 $142 Rxd4 41. Rc3) 40... b5 41. Nd2 Bb2 {Precision: White = 21%, Black = 63%.} 0-1

[Event "Central-SRB chT 2018"]
[Site "Kragujevac"]
[Date "2018.09.21"]
[Round "10"]
[White "Dudukovic, Nikola"]
[Black "Radovanovic, Mihajlo"]
[Result "0-1"]
[WhiteElo "2404"]
[BlackElo "2427"]
[Annotator "TA"]
[PlyCount "96"]
[EventDate "2018.09.14"]
[EventType "team-tourn"]
[EventCountry "SRB"]
[SourceTitle "playchess.com"]
[Source "ChessBase"]
[SourceQuality "1"]

{[%evp 18,96,48,25,21,-24,-14,-27,-26,-27,48,57,51,53,45,44,46,28,20,0,0,0,23,7,33,16,17,17,13,-22,-17,-50,-5,-12,0,-33,-23,-37,-33,-77,-60,-76,-40,-41,-42,-54,-57,-85,-50,-91,-90,-105,-120,-137,-141,-161,-161,-203,-203,-404,-403,-400,-405,-410,-408,-375,-387,-389,-385,-389,-389,-456,-394,-510,-493,-525,-525,-549,-541,-526,-513]} 1. d4 Nf6 2. Nf3 g6 3. g3 Bg7 4. Bg2 O-O 5. c4 d6 6. O-O Nc6 7. Nc3 e5 8. dxe5 dxe5 9. Bg5 Be6 10. Qa4 Qc8 {E62: King's Indian: Fianchetto: 6...c6 and Panno Variation (6...Nc6) without ...a6} 11. Rfd1 Nd7 $1 12. Nd5 e4 {Black has an edge.} 13. Nd2 (13. Ne1 Nb6 14. Qb3 Bxd5 15. cxd5 Nd4 16. Qe3 Nc4 17. Qxe4 Re8 18. Rxd4 Rxe4 19. Rxe4 {0-1 (39) Georgiadis,N (2526)-Navara,D (2741) Biel 2018}) 13... Bxd5 $146 ({Much weaker is} 13... Bxb2 $6 14. Rab1 $14) (13... f5 $11) ({Predecessor:} 13... Nb6 14. Qxc6 Bxd5 15. Qc5 Bc6 16. Nxe4 Qe6 17. Qe7 Nxc4 18. Nf6+ {1-0 (46) Rohan,A (2387)-Yoo,C (2378) Berkeley 2018}) 14. cxd5 $14 Nd4 15. Nxe4 Nb6 $1 16. Qa5 {Threatens to win with Rxd4.} Qf5 17. Be3 Nc2 18. Rac1 Nxe3 19. fxe3 Qe5 20. Qc5 f5 21. Nd2 Qxb2 22. Rc2 Qf6 23. Nf1 Rf7 24. Qb5 Qd6 25. Qb3 a5 26. Rd3 a4 27. Qb5 Re7 $36 {[%mdl 2048] Black fights for an advantage.} 28. Qc5 Rae8 29. Rd1 Qxc5 30. Rxc5 Be5 31. Rb5 Bd6 32. Kf2 a3 33. Rd3 Na4 34. Rd4 Nc3 35. Rxb7 Nxa2 36. Rc4 Ra8 {Hoping for ...Ree8.} 37. Nd2 {[#]} Ree8 $1 {[%cal Re8b8] ...Reb8 is the strong threat.} 38. Rcxc7 $2 (38. Nb1 {was called for.}) 38... Bxc7 $19 39. Rxc7 {Threatening d6.} Nb4 40. d6 a2 41. Nb3 a1=Q 42. Nxa1 Rxa1 43. d7 {[%cal Rd7e8] [#]} Rf8 44. Rc4 Rb1 45. Rd4 Rd8 {Black is clearly winning.} 46. e4 Nc6 47. Rd6 Ne5 48. exf5 Rxd7 {Precision: White = 26%, Black = 73%.} 0-1

[Event "Central-SRB chT 2018"]
[Site "Kragujevac"]
[Date "2018.09.21"]
[Round "10"]
[White "Pavlovic, Dejan S"]
[Black "Pantelic, Sasa"]
[Result "1-0"]
[WhiteElo "2396"]
[BlackElo "2294"]
[Annotator "TA"]
[PlyCount "131"]
[EventDate "2018.09.14"]
[EventType "team-tourn"]
[EventCountry "SRB"]
[SourceTitle "playchess.com"]
[Source "ChessBase"]
[SourceQuality "1"]

{[%evp 17,131,10,7,7,11,-4,0,-11,-2,-8,-1,-5,10,0,11,10,46,0,10,0,0,0,7,9,22,16,68,61,54,30,30,18,50,31,30,0,31,30,41,29,50,29,50,51,55,0,52,0,0,-34,70,73,63,64,131,125,143,149,144,141,143,0,99,0,166,153,310,319,334,313,298,220,229,231,231,231,231,231,231,231,220,220,212,203,199,192,258,258,258,165,330,261,399,388,655,654,654,612,929,908,849,812,729,673,2147,2128,1752,1657,1505,1450,5181,7373,6075,5912,5306,5293]} 1. d4 Nf6 2. Bg5 e6 3. e4 h6 4. Bxf6 Qxf6 5. c3 d5 (5... d6 6. Bd3 g6 7. Ne2 Bg7 8. O-O O-O 9. f4 Qe7 10. e5 b6 11. Nd2 Bb7 12. Be4 Bxe4 13. Nxe4 Rd8 14. Qe1 {0-1 (62) Moiseenko,A (2667)-Wang,Y (2690) Riadh 2017}) 6. Nd2 {[%cal Bb1d2,Bd2b3,Bb3d4,Bd4b5,Bb5a3,Ba3c4][%mdl 32] A45: Damenbauernspiele (Trompowski-Angriff)} c5 7. Ngf3 cxd4 8. Nxd4 Bc5 9. N2b3 Bxd4 {LiveBook: 3 Partien} 10. Nxd4 O-O 11. Bd3 $146 ({Vorgänger:} 11. exd5 exd5 12. Be2 Re8 13. O-O Nc6 14. Re1 Nxd4 15. Qxd4 Qxd4 16. cxd4 Bd7 {½-½ (16) Burmeister,F-Hansen,L (2272) ICCF email 2016}) 11... e5 12. Nb5 dxe4 13. Bxe4 {[#] Droht Sc7 und aus.} Qb6 14. Qe2 Bd7 15. Na3 Bc6 {...Lxe4 ist eine echte Drohung.} 16. Nc4 Qc7 17. O-O f5 18. Bxc6 Nxc6 19. Rad1 Rad8 20. f3 a6 21. a4 a5 (21... b5 $11) 22. Rfe1 $14 Kh7 23. Kh1 Rxd1 24. Rxd1 Rd8 25. Re1 Re8 26. Qe3 Qe7 27. h3 Qe6 28. b3 Re7 29. Qc5 e4 30. fxe4 (30. Nxa5 Ne5 $15) 30... fxe4 31. Re3 (31. Kg1 $14) 31... Qf6 (31... Rd7 $11) 32. Qd6 ({Günstiger ist} 32. Qd5 $14) 32... Re6 $11 33. Qd1 Ne5 (33... Ne7 $15) 34. Rxe4 $14 Nxc4 35. Rxc4 {[%mdl 4096] Endspiel KDT-KDT} Qe7 (35... Re3 $14) 36. Qd3+ $16 g6 37. Qg3 {[#] Droht stark Tc7.} Rc6 38. Rd4 Re6 39. Rc4 {Schwarz muss nun Tc7 beachten.} Rc6 $1 40. Rd4 ({Lieber} 40. Rf4 $16) 40... Rf6 $2 (40... Re6 $1 $11 {und Schwarz ist OK.}) 41. Rd5 $36 {[%mdl 2048] Weiss bestimmt, wo es lang geht.} h5 $2 (41... Re6 $16 {war einen Versuch wert.} 42. Qd3 (42. Rxa5 Re3 $16) 42... Qf7) 42. Qd3 $18 (42. Rxa5 Qd8 $18) 42... Qe1+ 43. Kh2 Kh6 44. Qg3 ({Vergiftet wäre} 44. Rxa5 $2 Rf1 $19) 44... Qxg3+ 45. Kxg3 {KT-KT} b6 46. h4 Kg7 47. Rd7+ Kf8 48. c4 Ke8 49. Rd5 Ke7 50. Kh3 Re6 {beabsichtigt ...Te3+.} 51. g3 Rc6 (51... Rd6 {war nötig.}) 52. Kg2 Rf6 53. Rb5 Rc6 $2 (53... Kf7 54. c5 bxc5 55. Rxc5 (55. Rxa5 Rc6 $16) 55... Rb6) 54. Kf3 Kd7 (54... Rd6 $142 55. Ke4 Rc6) 55. Kf4 Kc7 $2 (55... Ke7 56. Kg5 Rd6) 56. Kg5 {Weiß steht klar auf Gewinn.} Re6 57. Kh6 Rf6 58. c5 bxc5 59. Rxc5+ Kb6 60. Rb5+ Ka6 61. Rg5 Rf3 62. Rxg6+ Kb7 63. Rg5 Ka6 64. Rb5 Rxg3 65. Kxh5 Rg1 66. Kh6 {Precision: Weiß = 69%, Schwarz = 31%.} 1-0

[Event "Central-SRB chT 2018"]
[Site "Kragujevac"]
[Date "2018.09.21"]
[Round "10"]
[White "Blesic, Vaso"]
[Black "Matovic, Petar"]
[Result "1-0"]
[WhiteElo "2373"]
[BlackElo "2045"]
[Annotator "TA"]
[PlyCount "31"]
[EventDate "2018.09.14"]
[EventType "team-tourn"]
[EventCountry "SRB"]
[SourceTitle "playchess.com"]
[Source "ChessBase"]
[SourceQuality "1"]

{[%evp 10,31,50,51,112,108,89,110,254,236,252,229,372,371,374,168,371,374,482,474,448,462,990,997]} 1. e4 c5 2. Nf3 Nc6 3. d4 cxd4 4. Nxd4 d5 5. exd5 Qxd5 6. Be3 e5 {[#] B32: Sicilian: Löwenthal and Kalashnikov Variations} (6... e6 $14) 7. Nc3 $1 $16 {[%cal Rc3d5]} Bb4 {[#]} 8. Ndb5 $1 Bxc3+ (8... Qxd1+ $16 9. Rxd1 Kf8) 9. bxc3 $18 ({Weaker is} 9. Nxc3 Qxd1+ 10. Rxd1 Nge7 $14) 9... Qxd1+ 10. Rxd1 Rb8 (10... Ke7 $142 11. Nc7 Rb8) 11. Bc5 {[%cal Rb5c7]} Nge7 12. Nc7+ $40 {[%mdl 128] White has strong attack.} Kf8 13. Bb5 Be6 14. Nxe6+ {White is clearly winning.} fxe6 15. Rd7 Ke8 $146 (15... Kf7 $142 16. Bxc6 bxc6 17. Rxe7+ Kf6) ({Predecessor:} 15... Rg8 16. O-O {1-0 (16) Berescu,A-Ezsol,M (2340) Stockerau 1993}) 16. Rxe7+ 1-0